• 首页
  • 本馆介绍
  • 公告通知
  • 最新文献
  • 馆藏检索
  • 电子资源
  • 读者导购
  • 参考咨询
  • 我的图书馆
  • 登录
  • 详细信息显示
  • 放入我的书架
  • 预约/预借图书
  • 作者相关作品
  • 分类相关作品
  • 丛书相关作品
  • 出版社相关作品

书目信息

  • 表格格式
  • 工作单格式
  • 卡片格式
题名:
绿叶蔬菜无公害高效栽培重点、难点与实例
    
 
作者: 苏小俊 主编
分册:  
出版信息: 北京   科学技术文献出版社  2008
页数: 214页
开本: 21cm
丛书名:
单 册:
中图分类: S636
科图分类:
主题词: 绿叶蔬菜--无污染技术--栽培 , 绿叶蔬菜 , 无污染技术
电子资源:
ISBN: 978-7-5023-5999-7
000 00976nam0 2200253 45
001 1050948656
005 20100420093836.21
010    @a978-7-5023-5999-7@dCNY12.00
100    @a20100409d2008 em y0chiy50 ea
101 0  @achi
102    @aCN@b110000
105    @ay z 000yy
106    @ar
200 1  @a绿叶蔬菜无公害高效栽培重点、难点与实例@ALu^ Ye Shu Cai Wu Gong Hai Gao Xiao Zai Pei Zhong Dian、 Nan Dian Yu Shi Li@f苏小俊主编@FSu Xiao Jun Zhu Bian
210    @a北京@c科学技术文献出版社@d2008
215    @a214页@d21cm
330    @a本书针对春大白菜及其高山栽培、夏大白菜、秋冬大白菜、冬春季小白菜、夏季小白菜、秋冬季小白菜、春包菜及其高山栽培、夏包菜、秋冬包菜、春萝卜及其高山栽培、夏萝卜和秋冬萝卜的无公害栽培要点进行了介绍。
606 0  @a绿叶蔬菜@x无污染技术@x栽培
606 0  @a绿叶蔬菜
606 0  @a无污染技术
690    @aS636@v4
701  0 @a苏小俊@ASu Xiao Jun@9su xiao jun@4主编
801  0 @aCN@bTANGWEI@c20100420
905    @b0592052-56@dS636@e198@f5
    
    绿叶蔬菜无公害高效栽培重点、难点与实例/苏小俊主编.-北京:科学技术文献出版社,2008
    214页;21cm
    
    
    ISBN 978-7-5023-5999-7:CNY12.00
    本书针对春大白菜及其高山栽培、夏大白菜、秋冬大白菜、冬春季小白菜、夏季小白菜、秋冬季小白菜、春包菜及其高山栽培、夏包菜、秋冬包菜、春萝卜及其高山栽培、夏萝卜和秋冬萝卜的无公害栽培要点进行了介绍。
●
相关链接 在E读中查询图书 在五车中查询图书 在当当中查询图书 在豆瓣中查询图书


正题名:绿叶蔬菜无公害高效栽培重点、难点与实例     索取号:S636/198         预约/预借

序号 登录号 条形码 馆藏地/架位号 状态 备注
1 0592052   205920529   第二样本阅览室/ [索取号:S636/198] 在馆    
2 0592053   205920538   第三借阅区/ [索取号:S636/198] 在馆    
3 0592054   205920547   第三借阅区/ [索取号:S636/198] 在馆    
4 0592055   205920556   第三借阅区/ [索取号:S636/198] 在馆    
5 0592056   205920565   密集书库-生命科学系/ [索取号:S636/198] 在馆    
唐山师范学院图书馆 欢迎您!
大连网信软件有限公司© 版权所有